000
00305nam a2200133Ia 4500
008
191201s2010 xx 000 0 und d
100
_a
HAYKIN,Siman
245
0
_a
Communication Systems
250
_a
5th,Rep
260
_c
2010
_b
Wiley India
_a
N. delhi
300
_a
422
650
_a
ECE
942
_2
ddc
_c
BB
999
_c
7336
_d
7336